00613nam a2200169Ia 4500008004100000020001800041082001800059100001800077245008500095260004200180300000800222650002400230650002900254942001200283999001700295952013100312140316s9999 xx 000 0 und d a9780670021338 a324.7bPLO/AU aPlouffe,David aAudacity to Win: the inside story and lessons of Barack Obama`s Historic Victory aNew YorkbViking, Penguin Groupc2009 a390 aPolitical campaigns aPresidents-United States 2ddccBK c10132d10132 00102ddc4070aKAUCLVbKAUCLVcGENERALd2014-03-18l1o324.7 PLO/AUp218730r2019-06-04 00:00:00s2019-05-10w2014-03-18yBK